Κατάλογος Βιβλιοθηκών Mediterranean College

Γενική Χημεία 1. / Γενικό Μέρος (Record no. 9422)

MARC details
000 -LEADER
fixed length control field 01471cam a22001934a 4500
005 - ΗΜΕΡΟΜΗΝΙΑ ΚΑΙ ΩΡΑ ΤΕΛΕΥΤΑΙΑΣ ΕΝΗΜΕΡΩΣΗΣ
Πεδίο ελέγχου 20250605164400.0
008 - FIXED-LENGTH DATA ELEMENTS--GENERAL INFORMATION
Πεδίο ελέγχου σταθερού μήκους 250528s ||||||||||||||||||||||||d
035 ## - SYSTEM CONTROL NUMBER
System control number 24545
020 ## - ISBN
ISBN 9602660520
040 ## - ΠΗΓΗ ΚΑΤΑΛΟΓΟΓΡΑΦΗΣΗΣ
Φορέας πρωτότυπης καταλογογράφησης MC Athens Campus Library
Γλώσσα καταλογογράφησης Ελληνικά, Μοντέρνα (1453-)
Modifying agency MC Athens Campus Library
Κανόνες περιγραφικής καταλογογράφησης AACR2
245 1# - ΤΙΤΛΟΣ ΚΑΙ ΔΗΛΩΣΗ ΥΠΕΥΘΥΝΟΤΗΤΑΣ
Τίτλος Γενική Χημεία 1. / Γενικό Μέρος
260 ## - PUBLICATION, DISTRIBUTION, ETC.
Place of publication, distribution, etc. Αθήνα
Name of publisher, distributor, etc. Συμμετρία,
Date of publication, distribution, etc. 1999
300 ## - PHYSICAL DESCRIPTION
Extent 375
520 ## - SUMMARY, ETC.
Summary, etc. Εισαγωγή, Ιστορική Εξέλιξη της Χημείας, Νόμοι και Θεωρίες στις Φυσικές Επιστήμες, Η Σύγχρονη Ατομική Θεωρία, Κατάταξη των Στοιχείων και Περιοδικό Σύστημα, Χημικοί Δεσμοί, Καταστάσεις της ΎΑλης και τα Καυαρά Σωματίδια (Αέρια - Υγρά - Στερεά), Οι Καταστάσεις της Ύλης, Συστήματα (Διαλύματα - Κολλοειδή - Εττερογενή Συστήματα), Χημική Θερμοδυναμική και Θερμοχημεία, Χημική Κινητική και Κατάλυση - Χημική Ισορροπία, Εφαρμογές της Χημικής Ισορροπίας και της Χημικής Θερμοδυναμικής, Περί Συμπλοκών, πΥΡΗΝΙΚΉ χΗΜΕΊΑ ΚΑΙ αΚΤΙΝΟΧΗΜΕΊΑ.
700 1# - ΠΡΟΣΘΕΤΗ ΑΝΑΓΡΑΦΗ--ΦΥΣΙΚΟ ΠΡΟΣΩΠΟ
Personal name Σακελλαρίδης Π. Οδ
9 (RLIN) 9465
942 ## - ADDED ENTRY ELEMENTS (KOHA)
Koha item type Books
Holdings
Τύπος τεκμηρίου Βιβλιοθήκη Τρέχουσα τοποθεσία Barcode Αριθμός εισαγωγής Ημερομηνία απόκτησης Ταξιθετικό σύμβολο Αριθμός αντιτύπου Κατάσταση απόσυρσης Κατάσταση χαμένου Κατάσταση κατεστραμμένου Μη δανεισμός Σύνολο δανεισμών Ημερομηνία τελευταίας εμφάνισης Η τιμή ισχύει από
Books MC Athens Campus Library MC Athens Campus Library 9780000094216 7731   540 SAK 1           05/06/2025 05/06/2025

MC Athens Campus Library
Πατησίων 94 & Κοδριγκτώνος 13, 104 34
Πελλήνης 8 & Πατησίων 107, 112 51
Τ: +30 210 8899600

MC Thessaloniki Campus Library
Ίωνος Δραγούμη 21, 54625 | Ίωνος Δραγούμη 15, 54625
Τ: +30 2310 287779 – Τ: +30 2314 440300